| 000 | 00399nam a2200145 a 4500 | ||
|---|---|---|---|
| 005 | 20251018131931.0 | ||
| 008 | 251018s2025##################000#0#eng## | ||
| 020 | _a9789392025228 | ||
| 082 | 0 | 4 |
_a584.93 _bGAM |
| 100 | _aGamble, J.s. | ||
| 245 | 1 | 0 |
_aThe Bambusae Of British India _cJ.S.GAMBLE |
| 260 |
_aDehradun _bM/s Bishen Singh Mahendra Pal Singh _c1978 |
||
| 650 | _aBotany | ||
| 942 | _cENGLISH | ||
| 999 |
_c592346 _d592346 |
||